| Tag |
First Indicator |
Second Indicator |
Subfields |
| LEADER |
00000cam a2200000 i 4500 |
| 001 |
in00000601513 |
| 005 |
20151014161206.0 |
| 008 |
730329r19711612ne 00010 enm |
| 010 |
|
|
|a 75330098
|
| 035 |
|
|
|a (OCoLC)00592714
|
| 035 |
|
|
|9 ACS0499AM
|
| 040 |
|
|
|c OSU
|d TXA
|d UtOrBLW
|
| 049 |
|
|
|a TXAM
|c [1433411]
|
| 050 |
0 |
0 |
|a DS411
|b .C6 1971
|
| 100 |
1 |
|
|a Coverte, Robert,
|d active 1608-1615.
|
| 245 |
1 |
2 |
|a A true and almost incredible report of an Englishman /
|c Robert Coverte.
|
| 264 |
|
1 |
|a Amsterdam :
|b Theatrum Orbis Terrarum ;
|a New York :
|b Da Capo Press,
|c 1971.
|
| 300 |
|
|
|a 68 pages ;
|c 23 cm.
|
| 336 |
|
|
|a text
|b txt
|2 rdacontent
|
| 337 |
|
|
|a unmediated
|b n
|2 rdamedia
|
| 338 |
|
|
|a volume
|b nc
|2 rdacarrier
|
| 490 |
1 |
|
|a The English experience, its record in early printed books published in facsimile,
|v no. 302
|
| 500 |
|
|
|a Photoreprint of the 1612 edition, printed by W. Hall for T. Archer and R. Redmer, London.
|
| 500 |
|
|
|a "S.T.C. 5895."
|
| 651 |
|
0 |
|a Asia
|x Description and travel.
|
| 651 |
|
0 |
|a India
|x Description and travel.
|
| 830 |
|
0 |
|a English experience, its record in early printed books published in facsimile ;
|v no. 302.
|
| 999 |
|
|
|a MARS
|
| 999 |
f |
f |
|s 6affbcad-963c-3927-ac49-779c06b3cf81
|i 7f7ad96e-1dcb-3ede-8b4a-fb44b04dfb0f
|t 0
|
| 952 |
f |
f |
|p ric
|a Texas A&M University
|b Rellis Campus
|c Joint Library Facility
|d Remote Storage
|t 0
|e DS411 .C6 1971
|h Library of Congress classification
|i unmediated -- volume
|m A14802044007
|
| 998 |
f |
f |
|a DS411 .C6 1971
|t 0
|l Remote Storage
|